000 00692nam a2200241Ia 4500
003 OSt
005 20220926022935.0
006 a|||||r|||| 00| 0
007 ta
008 220923b |||||||| |||| 00| 0 eng d
037 _cGeneral Book
040 _aRTL
_cRTL
_beng
041 _2eng
_aeng
082 _aXM5:6z7, L8
100 _aGitman Lowrence J
_9328449
245 0 _aFinancial management
_b Cases
260 _aNew York
_bWest Publishing Co USA
_c1978
300 _axvi,482p
_ccm.
650 _aJoint Stock Company
700 _a Moses Adward A
_9328450
942 _hXM5:6z7, L8
_cGB
_2CC
999 _c640609
_d640609